00764nam a22002417a 45000010005000000030006000050050017000110080041000280200018000690400029000870500018001160820011001341000021001452450080001662600041002463000049002875050008003365200075003445210020004195210020004396500032004597000031004917036FISKH20250619101948.0250619b cb ||||| |||| 00| 0 eng d a9780736848848 aFISKHbengcFISKHdFISKH aQL568.F7 C788 a595.79 aCoughlan, Cheryl aAnts /cby Cheryl Coughlan : Gail Saunders-Smith , Ph.D., Consulting Editor aMinnesota : bPebble Books , c1999. a24 pages : bcolor illustrations ;c18 cm .  aE  aSimple text and photographs present the color and body parts of ants. 8 a260 bLexile 8 aE bRaz-Plus  aAnts vJuvenile Literature  aDunn, Gary A.eConsultant